000 00298nam a22001337a 4500
020 _a7008-5000-020308
082 _a080
_bVEL/S
100 _aVELUPADAM, JOHNSON
245 _aSMS FOR YOU
260 _aTHRISSUR
_bH & C PUBLISHING HOUSE
_c2008
300 _a96
650 _aJOKES
_zINDIA
942 _cBK
999 _c5705
_d5705